Drużynowi mistrzowie Polski na żużlu - Statystyki

Ogólne statystyki
  • Ten quiz został rozwiązany 2 027 razy
  • Średni wynik to 64 z 73
Statystyki odpowiedzi
Rok Drużyna % Poprawnych
1949 Unia Leszno
98%
1950 Unia Leszno
98%
1951 Unia Leszno
98%
1952 Unia Leszno
98%
1953 Unia Leszno
98%
1954 Unia Leszno
98%
1979 Unia Leszno
98%
1980 Unia Leszno
98%
1987 Unia Leszno
98%
1988 Unia Leszno
98%
1989 Unia Leszno
98%
2007 Unia Leszno
98%
2010 Unia Leszno
98%
2015 Unia Leszno
98%
2017 Unia Leszno
98%
2018 Unia Leszno
98%
2019 Unia Leszno
98%
1993 Sparta Wrocław
95%
1994 Sparta Wrocław
95%
1995 Sparta Wrocław
95%
2006 Sparta Wrocław
95%
2021 Sparta Wrocław
95%
1969 Stal Gorzów
93%
1973 Stal Gorzów
93%
1975 Stal Gorzów
93%
1976 Stal Gorzów
93%
1977 Stal Gorzów
93%
1978 Stal Gorzów
93%
1983 Stal Gorzów
93%
2014 Stal Gorzów
93%
2016 Stal Gorzów
93%
1986 Apator Toruń
89%
1990 Apator Toruń
89%
2001 Apator Toruń
89%
2008 Apator Toruń
89%
1981 Falubaz Zielona Góra
89%
1982 Falubaz Zielona Góra
89%
1985 Falubaz Zielona Góra
89%
1991 Falubaz Zielona Góra
89%
2009 Falubaz Zielona Góra
89%
2011 Falubaz Zielona Góra
89%
2013 Falubaz Zielona Góra
89%
1956 ROW Rybnik
87%
1957 ROW Rybnik
87%
1958 ROW Rybnik
87%
1962 ROW Rybnik
87%
1963 ROW Rybnik
87%
1965 ROW Rybnik
87%
1966 ROW Rybnik
87%
1967 ROW Rybnik
87%
1968 ROW Rybnik
87%
1970 ROW Rybnik
87%
1972 ROW Rybnik
87%
2004 Unia Tarnów
85%
2005 Unia Tarnów
85%
2012 Unia Tarnów
85%
1955 Polonia Bydgoszcz
84%
1971 Polonia Bydgoszcz
84%
1992 Polonia Bydgoszcz
84%
1997 Polonia Bydgoszcz
84%
1998 Polonia Bydgoszcz
84%
2000 Polonia Bydgoszcz
84%
2002 Polonia Bydgoszcz
84%
1959 Włókniarz Częstochowa
83%
1974 Włókniarz Częstochowa
83%
1996 Włókniarz Częstochowa
83%
2003 Włókniarz Częstochowa
83%
1960 Stal Rzeszów
68%
1961 Stal Rzeszów
68%
1999 Polonia Piła
66%
1948 PKM Warszawa
35%
2020 Unia Leszo
19%
1964 ROW Rybink
14%
Nie znaleziono quizów pasujących do podanych kryteriów
Rozkład punktacji
Procent ludzi z każdym wynikiem
Percentyl według liczby udzielonych odpowiedzi
Twoja historia wyników
Nie rozwiązałeś tego quizu